[Event "Budapest FS12 Nadassy"]
[Site "Budapest"]
[Date "2020.12.15"]
[Round "10.1"]
[White "Bolyki, Istvan"]
[Black "Szalanczy, Emil"]
[Result "0-1"]
[WhiteElo "1829"]
[BlackElo "2100"]
[PlyCount "83"]
[EventDate "2020.12.05"]
[EventType "tourn"]
[EventRounds "10"]
[EventCountry "HUN"]
[SourceTitle "CBM 199 Extra"]
[Source "ChessBase"]
[SourceDate "2021.01.31"]
[SourceVersion "1"]
[SourceVersionDate "2021.01.31"]
[SourceQuality "1"]
[WhiteTeam "Team 2"]
[BlackTeam "Team 1"]
[WhiteTeamCountry "HUN"]
[BlackTeamCountry "HUN"]

1. e4 c5 2. Nf3 d6 3. d4 cxd4 4. Nxd4 Nf6 5. Nc3 g6 6. f3 Bg7 7. Be3 Nc6 8. Qd2 0-0 9. g4 Bxg4 10. fxg4 Nxg4 11. Nxc6 bxc6 12. Bf4 e6 13. Be2 d5 14. Bg5 Qb6 15. Bxg4 Qxb2 16. Rb1 Qxc3 17. exd5 Qc4 18. Be2 Qxa2 19. 0-0 Qxd5 20. Qxd5 cxd5 21. Rb7 a5 22. Bf6 a4 23. Bxg7 Kxg7 24. Ra1 a3 25. Rb3 Rfc8 26. Bd1 a2 27. Rb2 Rc3 28. Raxa2 Rxa2 29. Rxa2 h5 30. Kf2 f5 31. Rb2 Kf6 32. Rb8 Rc7 33. Rf8+ Rf7 34. Rxf7+ Kxf7 35. h4 Kf6 36. Be2 d4 37. Kg3 e5 38. Bd1 f4+ 39. Kh3 e4 40. Be2 f3 41. Bc4 g5 42. Bd5 0-1

[Event "Budapest FS12 Nadassy"]
[Site "Budapest"]
[Date "2020.12.09"]
[Round "5.1"]
[White "Szalanczy, Emil"]
[Black "Bolyki, Istvan"]
[Result "1-0"]
[WhiteElo "2100"]
[BlackElo "1829"]
[PlyCount "113"]
[EventDate "2020.12.05"]
[EventType "tourn"]
[EventRounds "10"]
[EventCountry "HUN"]
[SourceTitle "CBM 199 Extra"]
[Source "ChessBase"]
[SourceDate "2021.01.31"]
[SourceVersion "1"]
[SourceVersionDate "2021.01.31"]
[SourceQuality "1"]
[WhiteTeam "Team 1"]
[BlackTeam "Team 2"]
[WhiteTeamCountry "HUN"]
[BlackTeamCountry "HUN"]

1. c4 Nf6 2. Nf3 c6 3. g3 d5 4. b3 g6 5. Bb2 Bg7 6. Bg2 0-0 7. 0-0 Re8 8. d3 Nbd7 9. Nbd2 e5 10. cxd5 cxd5 11. e4 dxe4 12. dxe4 b6 13. Nc4 Ba6 14. Nd6 Bxf1 15. Bxf1 Nc5 16. Ng5 Nfxe4 17. Ngxe4 Nxe4 18. Nxe4 Qxd1 19. Rxd1 Rad8 20. Rc1 h6 21. Bc4 Re7 22. a4 Red7 23. Rc2 Kh7 24. Bc3 f5 25. Nd2 e4 26. Nf1 Bxc3 27. Rxc3 Kg7 28. Bb5 Re7 29. h4 g5 30. Ne3 Kf6 31. g4 fxg4 32. Rc6+ Ke5 33. Nxg4+ Kf4 34. Ne3 gxh4 35. Rxh6 Kg5 36. Rc6 Rd2 37. Bc4 Red7 38. Re6 R2d4 39. Re5+ Kg6 40. Kg2 Rd2 41. Rxe4 h3+ 42. Kxh3 Rxf2 43. Ng4 Rf3+ 44. Kg2 Rc3 45. Re2 Rg7 46. Ne3 Re7 47. Kf3 Kg5 48. Re1 a6 49. Kf2 b5 50. Rg1+ Kh6 51. Nf5+ Kh5 52. Nxe7 bxc4 53. b4 Rb3 54. Nd5 Ra3 55. a5 Rb3 56. Rc1 Rxb4 57. Nxb4 1-0

[Event "Budapest FS12 Nadassy"]
[Site "Budapest"]
[Date "2020.12.06"]
[Round "2.4"]
[White "Bolyki, Istvan"]
[Black "Farago, Sandor"]
[Result "0-1"]
[WhiteElo "1829"]
[BlackElo "2183"]
[PlyCount "78"]
[EventDate "2020.12.05"]
[EventType "tourn"]
[EventRounds "10"]
[EventCountry "HUN"]
[SourceTitle "CBM 199 Extra"]
[Source "ChessBase"]
[SourceDate "2021.01.31"]
[SourceVersion "1"]
[SourceVersionDate "2021.01.31"]
[SourceQuality "1"]
[WhiteTeam "Team 2"]
[BlackTeam "Team 1"]
[WhiteTeamCountry "HUN"]
[BlackTeamCountry "HUN"]

1. d4 Nf6 2. c4 g6 3. Nc3 c5 4. d5 Bg7 5. e4 d6 6. Nf3 0-0 7. h3 Na6 8. Bd3 e5 9. 0-0 Nh5 10. a3 Nf4 11. Ne2 Nxd3 12. Qxd3 f5 13. Ng5 f4 14. Ne6 Bxe6 15. dxe6 Nc7 16. Rd1 Nxe6 17. Qxd6 Qf6 18. Qd3 Rad8 19. Qc2 Rxd1+ 20. Qxd1 f3 21. Ng3 fxg2 22. Be3 Nd4 23. Kxg2 h5 24. b4 b6 25. bxc5 bxc5 26. Ra2 Qc6 27. Bxd4 exd4 28. Qd3 Be5 29. Nf1 Qf6 30. f3 Qg5+ 31. Kh1 Qh4 32. Kg2 g5 33. Rc2 Rf7 34. Rb2 g4 35. hxg4 hxg4 36. fxg4 Qxg4+ 37. Ng3 Rg7 38. Rb3 Bxg3 39. Qxg3 Qxe4+ 0-1

[Event "Budapest FS08 Nadassy"]
[Site "Budapest"]
[Date "2020.08.05"]
[Round "5.2"]
[White "Bolyki, Istvan"]
[Black "Nemeth, Zalan"]
[Result "0-1"]
[WhiteElo "1799"]
[BlackElo "2017"]
[PlyCount "188"]
[EventDate "2020.08.01"]
[EventType "team-schev"]
[EventRounds "14"]
[EventCountry "HUN"]
[SourceTitle "EXT 2021"]
[Source "ChessBase"]
[SourceDate "2020.10.23"]
[SourceVersion "1"]
[SourceVersionDate "2020.10.23"]
[SourceQuality "1"]
[WhiteTeam "Team 1"]
[BlackTeam "Team 2"]
[WhiteTeamCountry "HUN"]
[BlackTeamCountry "HUN"]

1. d4 Nf6 2. c4 g6 3. Nc3 Bg7 4. e4 d6 5. f3 0-0 6. Be3 c5 7. dxc5 dxc5 8. Qxd8 Rxd8 9. Bxc5 Nc6 10. Nge2 Nd7 11. Be3 Nde5 12. Nf4 Na5 13. Nfd5 Nexc4 14. Bxc4 Nxc4 15. Nxe7+ Kh8 16. Ned5 Bxc3+ 17. bxc3 Rxd5 18. Bd4+ Rxd4 19. cxd4 b5 20. Kf2 Bd7 21. h4 b4 22. h5 Kg7 23. hxg6 hxg6 24. Rh4 a5 25. e5 Be6 26. Rc1 Bd5 27. f4 a4 28. Rb1 b3 29. axb3 Nd2 30. Rbh1 Nxb3 31. Rh7+ Kf8 32. Rh8+ Ke7 33. Rxa8 Bxa8 34. Rh3 Bd5 35. Rc3 Ke6 36. Rc7 Nxd4 37. Ra7 Bb3 38. Ke3 Nc2+ 39. Ke4 a3 40. g4 f5+ 41. exf6 Kxf6 42. g5+ Ke6 43. Ra6+ Kf7 44. Ra7+ Ke8 45. Ra8+ Kd7 46. Ra7+ Kd6 47. Ra6+ Kc5 48. Ke5 a2 49. Kf6 Bc4 50. Ra7 Nb4 51. Ra5+ Kb6 52. Rxa2 Bxa2 53. Kxg6 Nd5 54. f5 Bb1 55. Kf7 Bxf5 56. g6 Nf4 57. g7 Be6+ 58. Kf6 Bg8 59. Kf5 Ne6 60. Kf6 Kc6 61. Ke7 Kd5 62. Kf6 Kd6 63. Kg6 Ke7 64. Kf5 Bh7+ 65. Ke5 Nxg7 66. Kd5 Kf6 67. Kd4 Nf5+ 68. Kd5 Ne3+ 69. Kd6 Bg8 70. Kc5 Ke5 71. Kb4 Kd4 72. Ka4 Nc2 73. Kb5 Bb3 74. Kc6 Ne1 75. Kd6 Nd3 76. Ke7 Ke5 77. Ke8 Ke6 78. Kf8 Kf6 79. Ke8 Ne5 80. Kf8 Ng6+ 81. Ke8 Ke6 82. Kd8 Kd6 83. Ke8 Bc4 84. Kd8 Bb5 85. Kc8 Bc6 86. Kd8 Nf8 87. Kc8 Ne6 88. Kb8 Bb5 89. Kb7 Kc5 90. Kc8 Kb6 91. Kb8 Ba6 92. Ka8 Nd8 93. Kb8 Nc6+ 94. Ka8 Bb7# 0-1

[Event "Budapest FS07 Nadassy"]
[Site "Budapest"]
[Date "2020.07.14"]
[Round "10"]
[White "Lakatos, Tamas"]
[Black "Bolyki, Istvan"]
[Result "1/2-1/2"]
[WhiteElo "1940"]
[BlackElo "1824"]
[PlyCount "41"]
[EventDate "2020.07.04"]
[EventType "team-schev"]
[EventRounds "14"]
[EventCountry "HUN"]
[SourceTitle "CBM 197 Extra"]
[Source "ChessBase"]
[SourceDate "2020.09.30"]
[SourceVersion "1"]
[SourceVersionDate "2020.09.30"]
[SourceQuality "1"]
[WhiteTeam "Weaker Row"]
[BlackTeam "Stronger Row"]
[WhiteTeamCountry "HUN"]
[BlackTeamCountry "HUN"]

1. e4 h6 2. d4 e6 3. Nc3 d5 4. Be3 Bb4 5. e5 Ne7 6. Bd3 c5 7. dxc5 Nbc6 8. Nf3 Qc7 9. 0-0 Bxc3 10. bxc3 Nxe5 11. Nxe5 Qxe5 12. Bd4 Qg5 13. f4 Qh4 14. Bxg7 Rg8 15. Bd4 Bd7 16. a4 0-0-0 17. a5 a6 18. Qe2 Bc6 19. Rab1 Ng6 20. Bxg6 Rxg6 21. Rf2 1/2-1/2

[Event "Budapest FS07 Nadassy"]
[Site "Budapest"]
[Date "2020.07.13"]
[Round "9"]
[White "Bolyki, Istvan"]
[Black "Tancsa, Tamas"]
[Result "0-1"]
[WhiteElo "1824"]
[BlackElo "2105"]
[PlyCount "76"]
[EventDate "2020.07.04"]
[EventType "team-schev"]
[EventRounds "14"]
[EventCountry "HUN"]
[SourceTitle "CBM 197 Extra"]
[Source "ChessBase"]
[SourceDate "2020.09.30"]
[SourceVersion "1"]
[SourceVersionDate "2020.09.30"]
[SourceQuality "1"]
[WhiteTeam "Stronger Row"]
[BlackTeam "Weaker Row"]
[WhiteTeamCountry "HUN"]
[BlackTeamCountry "HUN"]

1. e4 e5 2. Nf3 Nc6 3. Bb5 a6 4. Ba4 d6 5. 0-0 Bg4 6. h3 h5 7. Bxc6+ bxc6 8. d4 Bxf3 9. Qxf3 exd4 10. Re1 Qf6 11. Qb3 Ne7 12. Qb7 Rc8 13. Qxa6 g5 14. a4 g4 15. Ra3 Kd7 16. b4 Rb8 17. Rb3 Ng6 18. Na3 Ne5 19. Nc4 Nf3+ 20. gxf3 gxf3 21. Kf1 Rg8 22. Qa5 Rb5 23. Rxf3 Qxf3 24. axb5 Qh1+ 25. Ke2 Qxe4+ 26. Kd2 Bh6+ 27. Ne3 dxe3+ 28. Kc3 Bg7+ 29. Kb3 Qd5+ 30. c4 Qd3+ 31. Ka2 Qxc4+ 32. Ka3 Qc3+ 33. Ka2 Qa1+ 34. Kb3 Qxa5 35. bxc6+ Kxc6 36. bxa5 exf2 37. Rf1 Bd4 38. Kc4 Rg1 0-1

[Event "Budapest FS07 Nadassy"]
[Site "Budapest"]
[Date "2020.07.04"]
[Round "1"]
[White "Bolyki, Istvan"]
[Black "Juhasz, Agoston Botond"]
[Result "0-1"]
[WhiteElo "1824"]
[BlackElo "2176"]
[PlyCount "40"]
[EventDate "2020.07.04"]
[EventType "team-schev"]
[EventRounds "14"]
[EventCountry "HUN"]
[SourceTitle "CBM 197 Extra"]
[Source "ChessBase"]
[SourceDate "2020.09.30"]
[SourceVersion "1"]
[SourceVersionDate "2020.09.30"]
[SourceQuality "1"]
[WhiteTeam "Stronger Row"]
[BlackTeam "Weaker Row"]
[WhiteTeamCountry "HUN"]
[BlackTeamCountry "HUN"]

1. d4 f5 2. f4 Nf6 3. Nf3 b6 4. e3 Bb7 5. Bd3 g6 6. 0-0 Bg7 7. c3 0-0 8. Nbd2 e6 9. Re1 c5 10. Qb3 Qc7 11. e4 cxd4 12. exf5 dxc3 13. bxc3 gxf5 14. Ba3 Re8 15. Rac1 Na6 16. Ng5 Nc5 17. Bxc5 Qxc5+ 18. Kh1 Ng4 19. Nh3 Nf2+ 20. Nxf2 Qxf2 0-1

[Event "Budapest FS11 Nadassy"]
[Site "Budapest"]
[Date "2019.11.12"]
[Round "10.2"]
[White "Bolyki, Istvan"]
[Black "Szalanczy, Emil"]
[Result "0-1"]
[WhiteElo "1786"]
[BlackElo "2074"]
[PlyCount "66"]
[EventDate "2019.11.02"]
[EventType "schev"]
[EventRounds "10"]
[EventCountry "HUN"]
[SourceTitle "CBM 193 Extra"]
[Source "ChessBase"]
[SourceDate "2020.01.31"]
[SourceVersion "1"]
[SourceVersionDate "2020.01.31"]
[SourceQuality "1"]
[WhiteTeam "Lower Elo"]
[BlackTeam "Higher Elo"]
[WhiteTeamCountry "HUN"]
[BlackTeamCountry "HUN"]

1. e4 c5 2. c4 Nc6 3. Nc3 d6 4. g3 g6 5. Bg2 Bg7 6. d3 Nh6 7. Nge2 0-0 8. 0-0 f5 9. f4 Rb8 10. a4 b6 11. Kh1 Bb7 12. h3 Nf7 13. Be3 Na5 14. b3 Qd7 15. Rb1 Rbd8 16. Qc2 Rde8 17. d4 Nc6 18. d5 Nb4 19. Qd2 fxe4 20. Nxe4 e6 21. N2c3 exd5 22. Nxd5 Bxd5 23. cxd5 Rxe4 24. Bxe4 Qxh3+ 25. Qh2 Qxh2+ 26. Kxh2 Re8 27. Bxc5 bxc5 28. Rbe1 Bc3 29. Re2 Kg7 30. f5 Ng5 31. Bd3 Be5 32. Bc4 Rf8 33. Ref2 Ne4 0-1

[Event "Budapest FS11 Nadassy"]
[Site "Budapest"]
[Date "2019.11.08"]
[Round "6.1"]
[White "Bolyki, Istvan"]
[Black "Mayer, Istvan"]
[Result "0-1"]
[WhiteElo "1786"]
[BlackElo "1882"]
[PlyCount "98"]
[EventDate "2019.11.02"]
[EventType "schev"]
[EventRounds "10"]
[EventCountry "HUN"]
[SourceTitle "CBM 193 Extra"]
[Source "ChessBase"]
[SourceDate "2020.01.31"]
[SourceVersion "1"]
[SourceVersionDate "2020.01.31"]
[SourceQuality "1"]
[WhiteTeam "Lower Elo"]
[BlackTeam "Higher Elo"]
[WhiteTeamCountry "HUN"]
[BlackTeamCountry "HUN"]

1. Nc3 e5 2. e4 Nc6 3. Nf3 Nf6 4. Bb5 Bc5 5. 0-0 d6 6. d4 exd4 7. Nxd4 Bd7 8. Nb3 Bb6 9. Bg5 h6 10. Bh4 a6 11. Bxc6 bxc6 12. Re1 Qe7 13. Nd4 0-0-0 14. Qd3 Kb7 15. a4 Qe5 16. Nf3 Qh5 17. Bg3 Be6 18. b4 d5 19. exd5 Nxd5 20. Nxd5 Bxd5 21. Qc3 Bxf3 22. Qxf3 Qxf3 23. gxf3 Bd4 24. Rab1 Bf6 25. Re4 h5 26. Rc4 h4 27. Bf4 Rh5 28. b5 axb5 29. axb5 c5 30. Be3 Bd4 31. Bxd4 cxd4 32. Kf1 Rg5 33. Rd1 h3 34. Rcxd4 Rxd4 35. Rxd4 Rg2 36. Rg4 Rxh2 37. Rxg7 Rh1+ 38. Rg1 Rxg1+ 39. Kxg1 Kb6 40. Kh2 Kxb5 41. Kxh3 Kc4 42. Kg4 Kc3 43. Kf5 Kxc2 44. Ke5 Kd3 45. Kd5 Ke2 46. Kc6 Kxf2 47. Kxc7 Kxf3 48. Kd6 f5 49. Ke5 f4 0-1

[Event "HUN-chT2 Erkel 1718"]
[Site "Hungary"]
[Date "2018.03.04"]
[Round "9.11"]
[White "Bolyki, Istvan"]
[Black "Palczert, Botond"]
[Result "0-1"]
[WhiteElo "1534"]
[BlackElo "1784"]
[PlyCount "58"]
[EventDate "2017.09.24"]
[EventType "team-tourn"]
[EventRounds "11"]
[EventCountry "HUN"]
[SourceTitle "EXT 2021"]
[Source "ChessBase"]
[SourceDate "2020.10.23"]
[SourceVersion "1"]
[SourceVersionDate "2020.10.23"]
[SourceQuality "1"]
[WhiteTeam "Budapest MAFC"]
[BlackTeam "Budapest EAC"]
[WhiteTeamCountry "HUN"]
[BlackTeamCountry "HUN"]

1. d4 Nf6 2. c4 g6 3. Nc3 d5 4. cxd5 Nxd5 5. e4 Nxc3 6. bxc3 Bg7 7. Bb5+ c6 8. Ba4 0-0 9. Nf3 c5 10. h3 Nc6 11. Be3 Na5 12. 0-0 Nc4 13. Rb1 a6 14. dxc5 Nxe3 15. fxe3 Qa5 16. e5 Qxc5 17. Qd4 Qc7 18. c4 Bf5 19. Rbc1 Bh6 20. Nh4 Be6 21. c5 Bxa2 22. Rf3 Bg7 23. Qe4 Rad8 24. Qc2 Be6 25. Bb3 Qxe5 26. Bxe6 Qxe6 27. Qb1 Qc6 28. Rg3 Rd5 29. Qb4 Re5 0-1

[Event "Budapest Karacsonyi op"]
[Site "Budapest"]
[Date "2017.12.28"]
[Round "2"]
[White "Bolyki, Istvan"]
[Black "Csomor, Viktor"]
[Result "0-1"]
[WhiteElo "1620"]
[BlackElo "2063"]
[PlyCount "70"]
[EventDate "2017.12.27"]
[EventType "swiss"]
[EventRounds "7"]
[EventCountry "HUN"]
[SourceTitle "CBM 182 Extra"]
[Source "ChessBase"]
[SourceDate "2018.02.23"]
[SourceVersion "1"]
[SourceVersionDate "2018.02.23"]
[SourceQuality "1"]

1. d4 d5 2. c4 e6 3. Nc3 c6 4. e3 Nf6 5. Bd3 Nbd7 6. b3 Bb4 7. Nge2 e5 8. 0-0 e4 9. Bb1 0-0 10. Bb2 Bd6 11. h3 Bb8 12. cxd5 cxd5 13. Ba3 Re8 14. Qd2 Qa5 15. Bb2 Qc7 16. Ng3 h5 17. Rc1 h4 18. Nxd5 Qd6 19. Nxf6+ Nxf6 20. Nxe4 Qh2+ 21. Kf1 Nh5 22. Qa5 g6 23. Qg5 Bg3 24. Rxc8 Raxc8 25. Nf6+ Nxf6 26. Qxf6 Rxe3 27. fxe3 Qh1+ 28. Ke2 Qe1+ 29. Kd3 Qd1+ 30. Ke4 Re8+ 31. Kd5 Qh5+ 32. Kc4 Qe2+ 33. Kb4 Be1+ 34. Kc5 b6+ 35. Kd5 Qb5+ 0-1

[Event "Budapest-chT1 Lilienthal 1718"]
[Site "Budapest"]
[Date "2017.11.12"]
[Round "3"]
[White "Bolyki, Istvan"]
[Black "Forgacs, Attila Jr"]
[Result "1/2-1/2"]
[WhiteElo "1534"]
[BlackElo "1806"]
[PlyCount "53"]
[EventDate "2017.10.01"]
[EventType "team-tourn"]
[EventRounds "13"]
[EventCountry "HUN"]
[SourceTitle "EXT 2021"]
[Source "ChessBase"]
[SourceDate "2020.10.23"]
[SourceVersion "1"]
[SourceVersionDate "2020.10.23"]
[SourceQuality "1"]
[WhiteTeam "Budapest Ujpest KSE"]
[BlackTeam "Siraly"]
[WhiteTeamCountry "HUN"]
[BlackTeamCountry "HUN"]

1. e4 e5 2. Nf3 Nc6 3. Bc4 Nf6 4. d3 Be7 5. 0-0 d6 6. h3 Na5 7. Bb3 Nxb3 8. axb3 0-0 9. Be3 a6 10. c3 Kh8 11. Nbd2 Ng8 12. d4 exd4 13. Bxd4 f5 14. c4 Bf6 15. e5 dxe5 16. Bxe5 Nh6 17. Bxf6 Qxf6 18. Qc2 f4 19. Rfe1 Nf5 20. Ra5 Nd6 21. Rae5 Bf5 22. Qc3 Rae8 23. Rxe8 Nxe8 24. Qb4 b6 25. Qa4 Nd6 26. c5 bxc5 27. Qxf4 1/2-1/2

[Event "HUN-chT2 Erkel 1718"]
[Site "Hungary"]
[Date "2017.10.08"]
[Round "2.11"]
[White "Csatari, Dominik"]
[Black "Bolyki, Istvan"]
[Result "1/2-1/2"]
[WhiteElo "1734"]
[BlackElo "1534"]
[PlyCount "91"]
[EventDate "2017.09.24"]
[EventType "team-tourn"]
[EventRounds "11"]
[EventCountry "HUN"]
[SourceTitle "EXT 2021"]
[Source "ChessBase"]
[SourceDate "2020.10.23"]
[SourceVersion "1"]
[SourceVersionDate "2020.10.23"]
[SourceQuality "1"]
[WhiteTeam "Jaszbereny"]
[BlackTeam "Budapest MAFC"]
[WhiteTeamCountry "HUN"]
[BlackTeamCountry "HUN"]

1. e4 e5 2. Nf3 Nc6 3. d4 exd4 4. Nxd4 Bc5 5. Nb3 Bb6 6. Qe2 a5 7. a4 Nf6 8. Be3 0-0 9. Bxb6 cxb6 10. Nc3 Re8 11. 0-0-0 Qc7 12. Qd2 Nxe4 13. Re1 Nf6 14. Rxe8+ Nxe8 15. Nd5 Qd8 16. Qe3 d6 17. Nxb6 Rb8 18. Bc4 Nf6 19. f3 Bf5 20. Rd1 Nb4 21. Qf4 Bxc2 22. Rxd6 Qe7 23. Qd2 Re8 24. Nxa5 Qe1+ 25. Qxe1 Rxe1+ 26. Kd2 Rd1+ 27. Kc3 Rxd6 28. Nc8 Rd8 29. Nb6 Bxa4 30. Nxa4 Nbd5+ 31. Bxd5 Nxd5+ 32. Kc4 Ra8 33. Kb5 b6 34. Nxb6 Nxb6 35. Kxb6 Rd8 36. b4 Kf8 37. b5 Ke8 38. Kc6 Rc8+ 39. Kb7 Kd7 40. b6 Rc5 41. Nb3 Rc3 42. Nd4 Rc4 43. Nb5 Rc5 44. Nc7 Rc6 45. Na6 Rc2 46. g3 1/2-1/2

[Event "HUN-chT2 Erkel 1718"]
[Site "Hungary"]
[Date "2017.09.24"]
[Round "1.10"]
[White "Bolyki, Istvan"]
[Black "Liptak, Tibor"]
[Result "0-1"]
[WhiteElo "1534"]
[BlackElo "1793"]
[PlyCount "54"]
[EventDate "2017.09.24"]
[EventType "team-tourn"]
[EventRounds "11"]
[EventCountry "HUN"]
[SourceTitle "EXT 2021"]
[Source "ChessBase"]
[SourceDate "2020.10.23"]
[SourceVersion "1"]
[SourceVersionDate "2020.10.23"]
[SourceQuality "1"]
[WhiteTeam "Budapest MAFC"]
[BlackTeam "Pestszentlorinc"]
[WhiteTeamCountry "HUN"]
[BlackTeamCountry "HUN"]

1. d4 d5 2. c4 e6 3. Nc3 Be7 4. e3 Nf6 5. cxd5 exd5 6. Bd3 0-0 7. Nge2 c5 8. dxc5 Bxc5 9. 0-0 Nc6 10. a3 a6 11. b4 Ba7 12. Bb2 d4 13. exd4 Nxd4 14. Nxd4 Bxd4 15. Qc2 Bg4 16. Rac1 Rc8 17. Qb1 Re8 18. Na4 Rxc1 19. Rxc1 Be2 20. Bxd4 Qxd4 21. Bxe2 Rxe2 22. Rc8+ Ne8 23. Qf1 Qd2 24. Rc1 Rxf2 25. Qxf2 Qxc1+ 26. Qf1 Qxa3 27. Nb6 Qxb4 0-1

[Event "Budapest Karacsonyi op 8th"]
[Site "Budapest"]
[Date "2016.12.28"]
[Round "2"]
[White "Kanizaj, Benjamin"]
[Black "Bolyki, Istvan"]
[Result "1-0"]
[WhiteElo "1824"]
[BlackElo "1588"]
[PlyCount "67"]
[EventDate "2016.12.27"]
[EventType "swiss"]
[EventRounds "7"]
[EventCountry "HUN"]
[SourceTitle "CBM 176 Extra"]
[Source "ChessBase"]
[SourceDate "2017.03.02"]
[SourceVersion "1"]
[SourceVersionDate "2017.03.02"]
[SourceQuality "1"]

1. e4 e5 2. Nf3 Nc6 3. d4 exd4 4. Nxd4 Bc5 5. Nb3 Bb6 6. Nc3 Nf6 7. Qe2 a5 8. a4 0-0 9. Be3 Re8 10. f3 d5 11. 0-0-0 d4 12. Nb5 Bd7 13. N5xd4 Nxd4 14. Bxd4 Bxd4 15. Rxd4 Qe7 16. Qc4 Be6 17. Qc5 Bxb3 18. Qxe7 Rxe7 19. cxb3 Nd7 20. Bc4 Ne5 21. Rhd1 g6 22. h3 Kg7 23. Bb5 c6 24. Bf1 g5 25. Rd8 Rxd8 26. Rxd8 Rd7 27. Ra8 b6 28. Rb8 Nd3+ 29. Bxd3 Rxd3 30. Rxb6 Rd6 31. Kc2 Kh6 32. Ra6 Kh5 33. Rxa5 Kh4 34. Rf5 1-0

[Event "Budapest Karacsonyi op 8th"]
[Site "Budapest"]
[Date "2016.12.27"]
[Round "1"]
[White "Bolyki, Istvan"]
[Black "Marcu, Simon"]
[Result "1/2-1/2"]
[WhiteElo "1588"]
[BlackElo "1923"]
[PlyCount "91"]
[EventDate "2016.12.27"]
[EventType "swiss"]
[EventRounds "7"]
[EventCountry "HUN"]
[SourceTitle "CBM 176 Extra"]
[Source "ChessBase"]
[SourceDate "2017.03.02"]
[SourceVersion "1"]
[SourceVersionDate "2017.03.02"]
[SourceQuality "1"]

1. d4 d5 2. c4 e6 3. Nc3 Nf6 4. Bg5 Be7 5. e3 h6 6. Bxf6 Bxf6 7. cxd5 exd5 8. Bd3 0-0 9. Nge2 b6 10. 0-0 Bb7 11. Nf4 c6 12. Qf3 Ba6 13. Bxa6 Nxa6 14. Rac1 Rc8 15. Qe2 Nc7 16. Rfd1 Re8 17. Rd2 Bg5 18. Nd3 Ne6 19. Ne5 b5 20. f4 Bf6 21. Rdc2 a6 22. Qh5 Bxe5 23. fxe5 c5 24. Ne2 c4 25. b4 Qb6 26. Nc3 Rcd8 27. Rf1 Rf8 28. h4 a5 29. a3 axb4 30. axb4 Nc7 31. Ra2 Ne6 32. Qf3 Nxd4 33. exd4 Qxd4+ 34. Kh1 Qxh4+ 35. Qh3 Qe7 36. Nxb5 Qxe5 37. Raf2 d4 38. Rf5 Qe7 39. Qg4 Qxb4 40. Nxd4 c3 41. R5f4 Qc5 42. Nf5 g6 43. Nxh6+ Kg7 44. Nf5+ Kg8 45. Nh6+ Kg7 46. Nf5+ 1/2-1/2

[Event "HUN-chT2 Erkel 1617"]
[Site "Hungary"]
[Date "2016.12.11"]
[Round "6.11"]
[White "Bekasi, Zsolt"]
[Black "Bolyki, Istvan"]
[Result "1/2-1/2"]
[WhiteElo "1244"]
[BlackElo "1515"]
[PlyCount "202"]
[EventDate "2016.09.25"]
[EventType "team-tourn"]
[EventRounds "11"]
[EventCountry "HUN"]
[SourceTitle "EXT 2021"]
[Source "ChessBase"]
[SourceDate "2020.10.23"]
[SourceVersion "1"]
[SourceVersionDate "2020.10.23"]
[SourceQuality "1"]
[WhiteTeam "Szigetszentmiklos"]
[BlackTeam "Budapest MAFC"]
[WhiteTeamCountry "HUN"]
[BlackTeamCountry "HUN"]

1. e4 e5 2. Nf3 Nc6 3. Bc4 Bc5 4. d3 Nf6 5. Nc3 h6 6. 0-0 d6 7. h3 g5 8. a3 g4 9. hxg4 Bxg4 10. Be3 Nd4 11. Bxd4 Bxd4 12. Rb1 Rg8 13. Re1 Nh5 14. Kf1 Qf6 15. Nb5 Nf4 16. Nxc7+ Kd8 17. Nd5 Nxd5 18. Bxd5 Qg6 19. Ke2 Bxf3+ 20. gxf3 Qg2 21. Rf1 Rg3 22. Ke1 Rxf3 23. Qe2 Rc8 24. Bc4 h5 25. c3 Bb6 26. Bb3 h4 27. Bd1 Rf4 28. f3 h3 29. Kd2 Qxe2+ 30. Kxe2 h2 31. Rh1 Bg1 32. Bb3 Ke7 33. Rbxg1 hxg1Q 34. Rxg1 Rh8 35. Kf2 Rh2+ 36. Rg2 Rh1 37. Ke3 Rf1 38. Rf2 Rg1 39. Ke2 Kf6 40. Bd1 Rh4 41. Bc2 Rhh1 42. Kd2 Kg5 43. Ke3 Re1+ 44. Kd2 Kf4 45. d4 Ref1 46. Re2 Kxf3 47. dxe5 dxe5 48. Re3+ Kf4 49. Re2 Kg3 50. b4 Rf2 51. c4 Rxe2+ 52. Kxe2 Rh2+ 53. Kd3 Kf3 54. Bb3 Kf4 55. c5 Rh3+ 56. Kc4 Rxb3 57. Kxb3 Kxe4 58. Kc4 f5 59. b5 f4 60. c6 bxc6 61. bxc6 f3 62. c7 f2 63. c8Q f1Q+ 64. Kb4 Qb1+ 65. Ka4 Qd1+ 66. Ka5 Qd5+ 67. Ka4 Qd4+ 68. Ka5 Qb6+ 69. Ka4 a6 70. Qc2+ Kd5 71. Qg2+ Kd6 72. Qg6+ Kc5 73. Qg1+ Kc6 74. Qg6+ Kb7 75. Qf7+ Qc7 76. Qb3+ Ka7 77. Qe3+ Kb7 78. Qb3+ Ka7 79. Qe3+ Ka8 80. Qe4+ Kb8 81. Qb4+ Ka7 82. Qe1 Qd7+ 83. Kb3 Qb5+ 84. Ka2 Qc4+ 85. Kb2 Qd4+ 86. Kb3 e4 87. Qg3 Qd1+ 88. Kc3 Qf3+ 89. Qxf3 exf3 90. Kd3 Kb6 91. Ke3 Kc5 92. Kxf3 Kc4 93. Ke2 Kc3 94. Kd1 Kb2 95. a4 a5 96. Kd2 Kb3 97. Kc1 Kxa4 98. Kb1 Kb3 99. Ka1 a4 100. Kb1 a3 101. Ka1 a2 1/2-1/2

[Event "Budapest-chT1 Lilienthal 1516"]
[Site "Budapest"]
[Date "2015.12.13"]
[Round "5"]
[White "Balazs Piri, Robert"]
[Black "Bolyki, Istvan"]
[Result "1-0"]
[WhiteElo "1844"]
[BlackElo "1408"]
[PlyCount "43"]
[EventDate "2015.09.20"]
[EventType "team-tourn"]
[EventRounds "9"]
[EventCountry "HUN"]
[SourceTitle "EXT 2021"]
[Source "ChessBase"]
[SourceDate "2020.10.23"]
[SourceVersion "1"]
[SourceVersionDate "2020.10.23"]
[SourceQuality "1"]
[WhiteTeam "Taban Spartacus II"]
[BlackTeam "Budapest Ujpest KSE"]
[WhiteTeamCountry "HUN"]
[BlackTeamCountry "HUN"]

1. e4 e5 2. Nf3 Nc6 3. d4 exd4 4. Bc4 Bc5 5. c3 Nf6 6. e5 d5 7. Bb5 Nd7 8. 0-0 0-0 9. cxd4 Be7 10. Qc2 Nb4 11. Qb3 c6 12. Be2 b5 13. a3 Na6 14. Qc2 Bb7 15. Bd3 h6 16. Be3 Nb6 17. b3 Nc7 18. Nc3 f6 19. Bh7+ Kf7 20. Qg6+ Ke6 21. Qf5+ Kf7 22. e6+ 1-0